Score 0/25 Timer 06:00
1 Play Today
% Correct
Katy Perry
97.4%
Donald Duck
97.3%
Jake Gyllenhaal
96.8%
Christian Bale
96.7%
Benedict Cumberbatch
96.5%
One Direction
96.1%
Clay Aiken
95.9%
Alan Rickman
95.6%
Josh Groban
95.5%
Nathan Fillion
95.4%
Hannibal
94.5%
Tom Hiddleston
93.5%
Neil Gaiman
90.1%
% Correct
Hedwig and the Angry Inch
90.1%
New Kids on the Block
88.3%
Nightwing
87.7%
The Hunger Games
79.9%
The Killers
79.3%
Insane Clown Posse
71.6%
Percy Jackson and the Olympians
70.1%
England cricket team
66.6%
New Orleans Saints
64.9%
A Song of Ice and Fire
45.3%
Mortal Instruments
43.1%
Red Dwarf
42.8%
Remove Ads.
Support Sporcle.
Get the best of Sporcle when you Go Orange. This ad-free experience offers more features, more stats, and more fun while also helping to support Sporcle. Thank you for becoming a member.

You're not logged in!

Compare scores with friends on all Sporcle quizzes.
OR
Log In

Show Comments

Extras

Top Quizzes Today


Score Distribution

Your Account Isn't Verified!

In order to create a playlist on Sporcle, you need to verify the email address you used during registration. Go to your Sporcle Settings to finish the process.

Report this User

Report this user for behavior that violates our Community Guidelines.

Details: